<?xml version="1.0" encoding="UTF-8"?>
<record
    xmlns:xsi="http://www.w3.org/2001/XMLSchema-instance"
    xsi:schemaLocation="http://www.loc.gov/MARC21/slim http://www.loc.gov/standards/marcxml/schema/MARC21slim.xsd"
    xmlns="http://www.loc.gov/MARC21/slim">

  <leader>03288nam a2200553Ia 4500</leader>
  <controlfield tag="001">2726</controlfield>
  <controlfield tag="008">241029s9999    xx            000 0 und d</controlfield>
  <datafield tag="010" ind1=" " ind2=" ">
    <subfield code="a">2558</subfield>
  </datafield>
  <datafield tag="041" ind1=" " ind2=" ">
    <subfield code="a">Espa&#xF1;ol</subfield>
  </datafield>
  <datafield tag="082" ind1=" " ind2=" ">
    <subfield code="a">M.G.C. 003</subfield>
  </datafield>
  <datafield tag="245" ind1=" " ind2="0">
    <subfield code="a">Incidencia de la gesti&#xF3;n pedag&#xF3;gica en la ense&#xF1;anza de la lectoescritura en el Primer Ciclo del Nivel B&#xE1;sico en los Centros Educativos Generosa Ferreira, Jos&#xE9; Pi&#xF1;eyro, Pablo G. D&#xED;az (La Zanja) y Los Ranchos, en el Distrito Educativo 02 de J&#xE1;nico</subfield>
  </datafield>
  <datafield tag="260" ind1=" " ind2=" ">
    <subfield code="a">Santiago</subfield>
  </datafield>
  <datafield tag="300" ind1=" " ind2=" ">
    <subfield code="a">127</subfield>
  </datafield>
  <datafield tag="520" ind1=" " ind2=" ">
    <subfield code="a">27</subfield>
  </datafield>
  <datafield tag="630" ind1=" " ind2=" ">
    <subfield code="a">Gesti&#xF3;n</subfield>
  </datafield>
  <datafield tag="630" ind1=" " ind2=" ">
    <subfield code="a">Lectoescritura</subfield>
  </datafield>
  <datafield tag="630" ind1=" " ind2=" ">
    <subfield code="a">Proceso de Ense&#xF1;anza-Aprendizaje</subfield>
  </datafield>
  <datafield tag="650" ind1=" " ind2=" ">
    <subfield code="a">Gesti&#xF3;n Educativa</subfield>
  </datafield>
  <datafield tag="690" ind1=" " ind2=" ">
    <subfield code="a">Sintetizado</subfield>
  </datafield>
  <datafield tag="700" ind1=" " ind2=" ">
    <subfield code="e">asesor</subfield>
    <subfield code="a"> Paulino, Laura</subfield>
  </datafield>
  <datafield tag="700" ind1=" " ind2=" ">
    <subfield code="e">autor</subfield>
    <subfield code="a">Rodr&#xED;guez P&#xE9;rez, Lourde Mar&#xED;a </subfield>
  </datafield>
  <datafield tag="700" ind1=" " ind2=" ">
    <subfield code="e">autor</subfield>
    <subfield code="a"> Vargas Fern&#xE1;ndez,, Anastacia Felicita</subfield>
  </datafield>
  <datafield tag="901" ind1=" " ind2=" ">
    <subfield code="a">{"1":"Rodr&#xED;guez P&#xE9;rez","2":" Vargas Fern&#xE1;ndez,"}</subfield>
    <subfield code="b">{"1":"Lourde Mar&#xED;a ","2":"Anastacia Felicita"}</subfield>
  </datafield>
  <datafield tag="902" ind1=" " ind2=" ">
    <subfield code="a">1</subfield>
  </datafield>
  <datafield tag="903" ind1=" " ind2=" ">
    <subfield code="a">{"1":" Paulino"}</subfield>
    <subfield code="b">{"1":"Laura"}</subfield>
  </datafield>
  <datafield tag="904" ind1=" " ind2=" ">
    <subfield code="a">Mag&#xED;ster en</subfield>
  </datafield>
  <datafield tag="905" ind1=" " ind2=" ">
    <subfield code="a">Gesti&#xF3;n de Centros Educativos</subfield>
  </datafield>
  <datafield tag="906" ind1=" " ind2=" ">
    <subfield code="a">2</subfield>
  </datafield>
  <datafield tag="907" ind1=" " ind2=" ">
    <subfield code="a">NO APLICA</subfield>
  </datafield>
  <datafield tag="908" ind1=" " ind2=" ">
    <subfield code="a">NO APLICA</subfield>
  </datafield>
  <datafield tag="909" ind1=" " ind2=" ">
    <subfield code="a">ISFODOSU, Recinto Lu&#xED;s Napole&#xF3;n N&#xFA;&#xF1;ez Molina</subfield>
  </datafield>
  <datafield tag="910" ind1=" " ind2=" ">
    <subfield code="a">NULL</subfield>
    <subfield code="b">NULL</subfield>
  </datafield>
  <datafield tag="911" ind1=" " ind2=" ">
    <subfield code="a">["1"]</subfield>
  </datafield>
  <datafield tag="912" ind1=" " ind2=" ">
    <subfield code="a">NO APLICA</subfield>
  </datafield>
  <datafield tag="913" ind1=" " ind2=" ">
    <subfield code="a">NULL</subfield>
  </datafield>
  <datafield tag="914" ind1=" " ind2=" ">
    <subfield code="a">01 de Abril de 2009</subfield>
  </datafield>
  <datafield tag="915" ind1=" " ind2=" ">
    <subfield code="a">20/07/15 11:07</subfield>
  </datafield>
  <datafield tag="916" ind1=" " ind2=" ">
    <subfield code="a">NULL</subfield>
  </datafield>
  <datafield tag="917" ind1=" " ind2=" ">
    <subfield code="a">NULL</subfield>
  </datafield>
  <datafield tag="918" ind1=" " ind2=" ">
    <subfield code="a">NO APLICA</subfield>
  </datafield>
  <datafield tag="919" ind1=" " ind2=" ">
    <subfield code="a">["111","128","163"]</subfield>
  </datafield>
  <datafield tag="520" ind1=" " ind2=" ">
    <subfield code="a">El prop&#xF3;sito principal de esta investigaci&#xF3;n fue determinar la incidencia de la gesti&#xF3;n institucional y pedag&#xF3;gica en los procesos de la ense&#xF1;anza de la lecto ? escritura en el primer Ciclo de B&#xE1;sica, en los centros Generosa Ferreira, Jos&#xE9; Pi&#xF1;eyro, Pablo G. D&#xED;az (La Zanja) y Los Ranchos, en el Distrito Educativo 08-02 de J&#xE1;nico. Tambi&#xE9;n determinar el nivel de participaci&#xF3;n de la Gesti&#xF3;n de Centro en relaci&#xF3;n al seguimiento y acompa&#xF1;amiento a los docentes en el desarrollo curricular y en la aplicaci&#xF3;n de planes innovadores. La metodolog&#xED;a utilizada fue de corte cualitativa- cuantitativa, ya que la pretensi&#xF3;n era recoger informaci&#xF3;n relativa a las variables de inter&#xE9;s del problema. La muestra estuvo compuesta por 60 alumnos, 60 padres y 11 docentes del primer ciclo de b&#xE1;sica pertenecientes al 3er y 4to grado y 4 directores.Entre las principales conclusiones, se destaca que la gesti&#xF3;n institucional y pedag&#xF3;gica ha evolucionado, sin embargo, la calidad no se evidencia en los resultados de los estudiantes, se queda en simple protocolo y que los directores de los centros dan seguimiento y acompa&#xF1;amiento a los docentes de estos grados, acorde a su cronograma de trabajo, para esto se ponen de cuerdo en los grupos pedag&#xF3;gicos.El estudio recomienda que el equipo directivo de los centros integre m&#xE1;s a la comunidad educativa en los procesos de planificaci&#xF3;n, gesti&#xF3;n y evaluaci&#xF3;n a fin de mejorar la eficiencia y la eficacia de sus miembros y que soliciten al Distrito Educativo crear con urgencia un centro de orientaci&#xF3;n y psicolog&#xED;a que pueda brindar el apoyo que necesitan los ni&#xF1;os.</subfield>
  </datafield>
  <datafield tag="921" ind1=" " ind2=" ">
    <subfield code="a">11</subfield>
  </datafield>
  <datafield tag="922" ind1=" " ind2=" ">
    <subfield code="a">11</subfield>
  </datafield>
  <datafield tag="923" ind1=" " ind2=" ">
    <subfield code="a">0</subfield>
  </datafield>
  <datafield tag="924" ind1=" " ind2=" ">
    <subfield code="a">NO APLICA</subfield>
  </datafield>
  <datafield tag="942" ind1=" " ind2=" ">
    <subfield code="c">Tesis</subfield>
  </datafield>
  <datafield tag="999" ind1=" " ind2=" ">
    <subfield code="c">2558</subfield>
    <subfield code="d">2558</subfield>
  </datafield>
</record>
